The Reproductive health of adolescents: a strategy for action /

El documento analiza la salud reproductiva de los adolescentes, la pubertad, el embarazo prematuro, los problemas generados a raíz del tema, las estrategias para solucionarlos y métodos anticonceptivos. HB/hmbq

সংরক্ষণ করুন:
গ্রন্থ-পঞ্জীর বিবরন
সংস্থা লেখক: World Health Organization, UNICEF, UNFPA
বিন্যাস: পাঠ‍্য
প্রকাশিত: Ginebra: WHO
বিষয়গুলি:
ট্যাগগুলো: ট্যাগ যুক্ত করুন
কোনো ট্যাগ নেই, প্রথমজন হিসাবে ট্যাগ করুন!

MARC

LEADER 00000 a a2200000 04500
001 4923
003
040
090 |a 119800  
110 |a World Health Organization  
245 |a The Reproductive health of adolescents: a strategy for action /  |c World Health Organization  
260 |a Ginebra:   |b WHO  
300 |a 18 p  
520 |a El documento analiza la salud reproductiva de los adolescentes, la pubertad, el embarazo prematuro, los problemas generados a raíz del tema, las estrategias para solucionarlos y métodos anticonceptivos. HB/hmbq  
650 |a ADOLESCENTES  
650 |a JUVENTUD  
650 |a EMBARAZO  
650 |a METODOS ANTICONCEPTIVOS  
710 |a UNICEF  
710 |a UNFPA  
999 |c 11968  |d 11968